[Event "Tenerife-chT Preferente"]
[Site "Tenerife"]
[Date "2023.04.29"]
[Round "12"]
[White "Medal Paves, Jose Maria"]
[Black "Basto Auzmendi, Mario"]
[Result "0-1"]
[WhiteElo "1947"]
[BlackElo "1918"]
[PlyCount "64"]
[EventDate "2023.01.14"]
[EventType "team-tourn"]
[EventRounds "14"]
[EventCountry "ESP"]
[SourceTitle "EXT 2024"]
[Source "ChessBase"]
[SourceDate "2023.10.10"]
[SourceVersion "1"]
[SourceVersionDate "2023.10.10"]
[SourceQuality "1"]
[WhiteTeam "Rey Ahogado"]
[BlackTeam "Circulo de Amistad XII Enero"]
[WhiteTeamCountry "ESP"]
[BlackTeamCountry "ESP"]

1. Nc3 c5 2. e4 Nc6 3. f4 g6 4. Nf3 Bg7 5. Bb5 Nd4 6. 0-0 Nxb5 7. Nxb5 d5 8. exd5 a6 9. Nc3 Nf6 10. Kh1 Nxd5 11. Ne4 b6 12. d4 cxd4 13. Nxd4 Bb7 14. Ng5 Nc7 15. c3 Qd5 16. Ngf3 Rd8 17. Qe2 Qh5 18. Re1 0-0 19. Bd2 Nd5 20. h3 e6 21. Kh2 Nf6 22. Kg1 Ne4 23. Be3 Ng3 24. Qf2 Ne4 25. Qc2 Rc8 26. Kh2 Rfd8 27. Bg1 e5 28. g4 Qh6 29. g5 Qh5 30. fxe5 Rxd4 31. Nxd4 Bxe5+ 32. Kg2 Nd2+ 0-1

[Event "Tenerife-chT Preferente"]
[Site "Tenerife"]
[Date "2023.03.11"]
[Round "7.3"]
[White "Basto Auzmendi, Mario"]
[Black "Molina Rodriguez, Borja"]
[Result "0-1"]
[WhiteElo "1918"]
[BlackElo "2132"]
[PlyCount "126"]
[EventDate "2023.01.14"]
[EventType "team-tourn"]
[EventRounds "14"]
[EventCountry "ESP"]
[SourceTitle "EXT 2024"]
[Source "ChessBase"]
[SourceDate "2023.10.10"]
[SourceVersion "1"]
[SourceVersionDate "2023.10.10"]
[SourceQuality "1"]
[WhiteTeam "Circulo de Amistad XII Enero"]
[BlackTeam "Al Shah Mat Los Realejos"]
[WhiteTeamCountry "ESP"]
[BlackTeamCountry "ESP"]

1. e4 e5 2. Nf3 Nc6 3. d4 exd4 4. Bc4 Nf6 5. 0-0 Nxe4 6. Nc3 Nxc3 7. bxc3 Be7 8. cxd4 d5 9. Bb5 0-0 10. Bxc6 bxc6 11. Ne5 Bd7 12. Re1 Bd6 13. Rb1 f6 14. Nd3 Rb8 15. Be3 Bf5 16. Qd2 Rb6 17. Nc5 Re8 18. Nb7 Qe7 19. Nxd6 cxd6 20. Rxb6 axb6 21. Qc3 Qd7 22. Bd2 Ra8 23. Qb3 b5 24. Bb4 Be6 25. a3 Rc8 26. Qe3 Bf7 27. Qe7 Qxe7 28. Rxe7 c5 29. Be1 cxd4 30. Re2 Bg6 31. Rd2 Rc4 32. f3 Bxc2 33. Bg3 d3 34. Bxd6 Kf7 35. Kf2 Rc6 36. Bb4 Re6 37. Bc5 Ke8 38. f4 Re4 39. Kf3 Kf7 40. Kf2 Ke6 41. h3 h5 42. Bb4 d4 43. Kf1 Kd5 44. Kf2 Re3 45. h4 Kc4 46. Ba5 Re6 47. Bb4 Ra6 48. Kf3 g6 49. Kf2 Kb3 50. Ke1 Rxa3 51. Bxa3 Kxa3 52. g4 hxg4 53. h5 gxh5 54. Rh2 b4 55. Rxh5 b3 56. Rh8 b2 57. Ra8+ Ba4 58. Rb8 Bb3 59. Ra8+ Kb4 60. Rb8+ Kc4 61. Rc8+ Kd5 62. Rd8+ Ke4 63. Re8+ Kf3 0-1

[Event "Santa Cruz Christmas op 32nd"]
[Site "Santa Cruz"]
[Date "2022.12.28"]
[Round "8"]
[White "Perez de la Torre, Jorge"]
[Black "Basto Auzmendi, Mario"]
[Result "1-0"]
[WhiteElo "1579"]
[BlackElo "1918"]
[PlyCount "57"]
[EventDate "2022.12.15"]
[EventType "swiss"]
[EventRounds "9"]
[EventCountry "ESP"]
[SourceTitle "EXT 2024"]
[Source "ChessBase"]
[SourceDate "2023.10.10"]
[SourceVersion "1"]
[SourceVersionDate "2023.10.10"]
[SourceQuality "1"]

1. d4 Nf6 2. Nf3 g6 3. Nbd2 Bg7 4. e4 d6 5. c3 0-0 6. Bd3 c5 7. dxc5 dxc5 8. Qe2 Nc6 9. 0-0 Qc7 10. Nb3 b6 11. e5 Ng4 12. Be4 Ngxe5 13. Bf4 Rb8 14. h3 Nxf3+ 15. Qxf3 Be5 16. Bxe5 Nxe5 17. Qe2 f5 18. Bc2 Kg7 19. Rfe1 Nc6 20. Nd2 a6 21. a4 e5 22. Nc4 Re8 23. Rad1 Re7 24. Rd2 Bd7 25. Red1 e4 26. Ne3 Be6 27. Qxa6 Qe5 28. Rd6 Ra7 29. Qb5 1-0

[Event "Santa Cruz Christmas op 32nd"]
[Site "Santa Cruz"]
[Date "2022.12.20"]
[Round "4"]
[White "Basto Auzmendi, Mario"]
[Black "Arvelo Hernandez, Gabriel Alejandro"]
[Result "1-0"]
[WhiteElo "1918"]
[BlackElo "1498"]
[PlyCount "37"]
[EventDate "2022.12.15"]
[EventType "swiss"]
[EventRounds "9"]
[EventCountry "ESP"]
[SourceTitle "EXT 2024"]
[Source "ChessBase"]
[SourceDate "2023.10.10"]
[SourceVersion "1"]
[SourceVersionDate "2023.10.10"]
[SourceQuality "1"]

1. e4 e6 2. d4 d5 3. e5 c5 4. Nf3 Qb6 5. Bd3 Nc6 6. dxc5 Bxc5 7. 0-0 Bd7 8. c3 Nh6 9. h3 Be7 10. Re1 Nf5 11. b4 a5 12. g4 Nh4 13. b5 Nxf3+ 14. Qxf3 Na7 15. a4 f5 16. gxf5 0-0 17. f6 Bc5 18. Qh5 g6 19. Bxg6 1-0

[Event "Euskadi-chT (Vasca) Div 1st"]
[Site "Bergara"]
[Date "2014.01.25"]
[Round "3.4"]
[White "Basto Auzmendi, Mario"]
[Black "Gomez Calvo, Jose Ricardo"]
[Result "1/2-1/2"]
[WhiteElo "2016"]
[BlackElo "1922"]
[PlyCount "47"]
[EventDate "2014.01.11"]
[EventType "team-tourn"]
[EventRounds "9"]
[EventCountry "ESP"]
[SourceTitle "EXT 2024"]
[Source "ChessBase"]
[SourceDate "2023.10.10"]
[SourceVersion "1"]
[SourceVersionDate "2023.10.10"]
[SourceQuality "1"]

1. Nf3 d5 2. g3 Bg4 3. Bg2 Nd7 4. c4 e6 5. b3 c6 6. Bb2 Ngf6 7. h3 Bh5 8. d3 Bd6 9. Nbd2 0-0 10. 0-0 Re8 11. e4 dxe4 12. Nxe4 Nxe4 13. dxe4 Be5 14. Bxe5 Bxf3 15. Qxf3 Nxe5 16. Qc3 Qc7 17. Rad1 c5 18. Qe3 b6 19. f4 Nc6 20. e5 Rad8 21. Bxc6 Qxc6 22. Rd3 Rd7 23. Rfd1 Rxd3 24. Rxd3 1/2-1/2

[Event "Euskadi-chT (Vasca) Div 1st"]
[Site "Bergara"]
[Date "2014.01.11"]
[Round "1.5"]
[White "Basto Auzmendi, Mario"]
[Black "Wu Martin, Eneko"]
[Result "1-0"]
[WhiteElo "2016"]
[BlackElo "2097"]
[PlyCount "83"]
[EventDate "2014.01.11"]
[EventType "team-tourn"]
[EventRounds "9"]
[EventCountry "ESP"]
[SourceTitle "EXT 2024"]
[Source "ChessBase"]
[SourceDate "2023.10.10"]
[SourceVersion "1"]
[SourceVersionDate "2023.10.10"]
[SourceQuality "1"]

1. Nf3 Nf6 2. g3 b6 3. Bg2 Bb7 4. c4 g6 5. d4 Bg7 6. 0-0 0-0 7. Nc3 d6 8. Qc2 Nbd7 9. Rb1 a6 10. b4 c5 11. bxc5 dxc5 12. d5 Re8 13. Rd1 e6 14. dxe6 Rxe6 15. Ng5 Rc6 16. Bxc6 Bxc6 17. Nd5 Nxd5 18. cxd5 Bb7 19. e4 Ne5 20. f4 Ng4 21. h3 Nf6 22. Bb2 Ne8 23. Bxg7 Nxg7 24. g4 Ne8 25. Qb3 b5 26. Qe3 Rc8 27. Rb2 Nd6 28. Qg3 h6 29. Nxf7 Kxf7 30. Re2 b4 31. e5 Nb5 32. e6+ Kg7 33. d6 Nd4 34. Rxd4 cxd4 35. f5 Qb6 36. Qe5+ Kg8 37. e7 d3+ 38. Re3 d2 39. Qe6+ Kh8 40. e8Q+ Rxe8 41. Qxe8+ Kg7 42. f6+ 1-0

[Event "Euskadi-chT"]
[Site "Bergara"]
[Date "2010.02.20"]
[Round "6.3"]
[White "Basto Auzmendi, Mario"]
[Black "Garro Beraza, Julen"]
[Result "0-1"]
[WhiteElo "2089"]
[BlackElo "1873"]
[PlyCount "134"]
[EventDate "2010.01.09"]
[EventType "team-tourn"]
[EventRounds "9"]
[EventCountry "ESP"]
[SourceTitle "EXT 2011"]
[Source "ChessBase"]
[SourceDate "2010.11.26"]
[SourceVersion "1"]
[SourceVersionDate "2010.11.26"]
[SourceQuality "1"]

1. Nf3 Nf6 2. g3 g6 3. Bg2 Bg7 4. c4 d6 5. Nc3 0-0 6. d4 Nbd7 7. 0-0 e5 8. dxe5 dxe5 9. Be3 c6 10. Qd6 Re8 11. Rfd1 Qe7 12. Qxe7 Rxe7 13. Bh3 Re8 14. Ne4 Nb6 15. Bxc8 Nxc8 16. Nxf6+ Bxf6 17. Rd7 b5 18. cxb5 cxb5 19. Rc1 Nb6 20. Bxb6 axb6 21. Rc6 Re6 22. Rxe6 fxe6 23. a3 b4 24. Nd2 bxa3 25. bxa3 Rxa3 26. Ne4 Bg7 27. Ng5 Ra8 28. Rb7 Re8 29. Rxb6 Bh6 30. Rxe6 Rxe6 31. Nxe6 Kf7 32. Nc5 Bf8 33. Ne4 h6 34. g4 Be7 35. Kg2 Ke6 36. Kf3 Bd8 37. Nc3 Ba5 38. Nd1 Bc7 39. Ke4 Bb6 40. f3 Bd8 41. Ne3 Bc7 42. Nc4 Bb8 43. h3 Bc7 44. Nb2 Bd6 45. Nd3 Bb8 46. Nc5+ Kd6 47. Na6 Ba7 48. Nb4 Bb8 49. h4 Ke6 50. h5 gxh5 51. gxh5 Kf6 52. Nc6 Bc7 53. e3 Bd6 54. Kd5 Ba3 55. Nxe5 Kg5 56. Nc4 Bb4 57. e4 Kxh5 58. Ke6 Kg5 59. Ne5 h5 60. Nd3 Bd2 61. e5 h4 62. Kd7 h3 63. e6 h2 64. Nf2 Bb4 65. e7 Bxe7 66. Kxe7 Kf4 67. Kf6 Kxf3 0-1

[Event "Euskadi-chT"]
[Site "Bergara"]
[Date "2010.02.06"]
[Round "5.4"]
[White "Hernandorena de la Cruz, Egoi"]
[Black "Basto Auzmendi, Mario"]
[Result "0-1"]
[WhiteElo "2045"]
[BlackElo "2089"]
[PlyCount "76"]
[EventDate "2010.01.09"]
[EventType "team-tourn"]
[EventRounds "9"]
[EventCountry "ESP"]
[SourceTitle "EXT 2011"]
[Source "ChessBase"]
[SourceDate "2010.11.26"]
[SourceVersion "1"]
[SourceVersionDate "2010.11.26"]
[SourceQuality "1"]

1. e4 d5 2. exd5 Nf6 3. d4 Bg4 4. Bb5+ c6 5. dxc6 Qa5+ 6. Nc3 Nxc6 7. f3 Bf5 8. Nge2 0-0-0 9. Bxc6 e5 10. Bxb7+ Kxb7 11. 0-0 exd4 12. Ne4 d3 13. cxd3 Qb6+ 14. Kh1 Nxe4 15. fxe4 Bxe4 16. Rxf7+ Ka8 17. Ng3 Qe6 18. Rf1 Bb7 19. Qe1 Qg6 20. Be3 Bd6 21. Qa5 Bb8 22. Qf5 Rxd3 23. Bf4 Qc6 24. Rf2 Rhd8 25. Ne2 g6 26. Qg5 Rd1+ 27. Rxd1 Rxd1+ 28. Ng1 Qe4 29. Be3 Re1 30. Bd2 Rd1 31. Qe3 Qh4 32. h3 Qd8 33. Bc3 Qd6 34. Be5 Qxe5 35. Qxe5 Bxe5 36. Re2 Bb8 37. Rc2 a5 38. Re2 Bd5 0-1

[Event "Erandio op 17th"]
[Site "Erandio"]
[Date "2008.12.21"]
[Round "3"]
[White "Cano Cabero, Alberto Javier"]
[Black "Basto Auzmendi, Mario"]
[Result "0-1"]
[WhiteElo "1890"]
[BlackElo "2086"]
[PlyCount "58"]
[EventDate "2008.12.20"]
[EventType "swiss"]
[EventRounds "9"]
[EventCountry "ESP"]
[SourceTitle "EXT 2024"]
[Source "ChessBase"]
[SourceDate "2023.10.10"]
[SourceVersion "1"]
[SourceVersionDate "2023.10.10"]
[SourceQuality "1"]

1. e4 c5 2. d4 cxd4 3. c3 dxc3 4. Nxc3 Nc6 5. Nf3 g6 6. Bc4 Bg7 7. e5 Nh6 8. 0-0 0-0 9. Qe2 Ng4 10. Bf4 Qa5 11. a3 Ngxe5 12. Nxe5 Nxe5 13. b4 Qc7 14. Rfe1 Qxc4 15. Bxe5 Qxe2 16. Rxe2 e6 17. Nb5 Bxe5 18. Rxe5 d5 19. Rc1 b6 20. Rc7 Ba6 21. Nxa7 Rfb8 22. Nc6 Rb7 23. Rxb7 Bxb7 24. Nd4 Rxa3 25. h3 Ra1+ 26. Kh2 Rb1 27. Nxe6 fxe6 28. Rxe6 Rxb4 29. Re7 Ba6 0-1

[Event "Erandio op"]
[Site "Erandio"]
[Date "2005.12.20"]
[Round "6"]
[White "Salinero de Prado, Juan Manuel"]
[Black "Basto Auzmendi, Mario"]
[Result "1-0"]
[WhiteElo "2153"]
[BlackElo "2131"]
[PlyCount "75"]
[EventDate "2005.12.16"]
[EventType "swiss"]
[EventRounds "9"]
[EventCountry "ESP"]
[SourceTitle "CBM 109 Extra"]
[Source "ChessBase"]
[SourceDate "2006.01.03"]
[SourceVersion "2"]
[SourceVersionDate "2006.01.03"]
[SourceQuality "1"]

1. d4 Nf6 2. c4 g6 3. Nc3 Bg7 4. e4 d6 5. Be2 0-0 6. h4 c5 7. d5 e6 8. h5 exd5 9. cxd5 Re8 10. hxg6 hxg6 11. f3 Nh5 12. g4 Ng3 13. Rh3 Bd4 14. Kd2 Bf2 15. Kc2 Qf6 16. Bd2 a6 17. Qc1 b5 18. Be3 Bxe3 19. Qxe3 Nxe2 20. Ngxe2 b4 21. Na4 Nd7 22. Rah1 Ne5 23. g5 Qg7 24. Rh8+ Qxh8 25. Rxh8+ Kxh8 26. Nb6 Ra7 27. Qf4 Kg8 28. Qf6 c4 29. Nd4 b3+ 30. Kb1 Rb7 31. Qxd6 bxa2+ 32. Kxa2 Nd3 33. Nxc4 Bd7 34. Nc6 a5 35. Ne7+ Kg7 36. Qf6+ Kf8 37. d6 Nb4+ 38. Kb1 1-0

[Event "Erandio op"]
[Site "Erandio"]
[Date "2005.12.19"]
[Round "5"]
[White "Basto Auzmendi, Mario"]
[Black "Garcia Sanchez, Jose Manuel"]
[Result "1-0"]
[WhiteElo "2131"]
[BlackElo "1991"]
[PlyCount "55"]
[EventDate "2005.12.16"]
[EventType "swiss"]
[EventRounds "9"]
[EventCountry "ESP"]
[SourceTitle "CBM 109 Extra"]
[Source "ChessBase"]
[SourceDate "2006.01.03"]
[SourceVersion "2"]
[SourceVersionDate "2006.01.03"]
[SourceQuality "1"]

1. e4 e5 2. Bc4 Nf6 3. Nf3 d5 4. exd5 Bg4 5. h3 Bxf3 6. Qxf3 Bd6 7. d3 h6 8. Nc3 0-0 9. Bd2 Nbd7 10. 0-0-0 a6 11. g4 Nh7 12. h4 f6 13. Ne4 Qe7 14. Rhg1 Rf7 15. Qh3 Raf8 16. Ng3 e4 17. Nf5 Qe8 18. d4 b5 19. Be2 Qa8 20. g5 fxg5 21. Nxd6 cxd6 22. hxg5 Qxd5 23. g6 Qxa2 24. gxf7+ Rxf7 25. Bxh6 Qa1+ 26. Kd2 Qxb2 27. Bxg7 Qb4+ 28. Kc1 1-0

[Event "Mislata op 13th"]
[Site "Mislata"]
[Date "2005.08.23"]
[Round "6"]
[White "Pallardo Lozoya, Jose Vicente"]
[Black "Basto Auzmendi, Mario"]
[Result "1-0"]
[WhiteElo "2278"]
[BlackElo "2132"]
[PlyCount "83"]
[EventDate "2005.08.18"]
[EventType "swiss"]
[EventRounds "9"]
[EventCountry "ESP"]
[SourceTitle "CBM 107 Extra"]
[Source "ChessBase"]
[SourceDate "2005.09.01"]
[SourceVersion "1"]
[SourceVersionDate "2005.09.01"]
[SourceQuality "1"]

1. e4 d5 2. exd5 Nf6 3. d4 Bg4 4. f3 Bf5 5. c4 c6 6. Qa4 e6 7. Nc3 exd5 8. c5 Be7 9. Nge2 Nbd7 10. Ng3 Bg6 11. b4 0-0 12. Be2 b6 13. Ba6 Re8 14. 0-0 b5 15. Qd1 Qc7 16. a4 bxa4 17. Rxa4 Nf8 18. b5 Ne6 19. f4 Be4 20. f5 Nxc5 21. dxc5 Bxc5+ 22. Kh1 cxb5 23. Bxb5 Reb8 24. Bf4 Bd6 25. Bxd6 Qxd6 26. Ncxe4 Nxe4 27. Nxe4 Qb6 28. Nc3 Qc5 29. Qd4 Rc8 30. Rf3 h6 31. Qxc5 Rxc5 32. Bf1 a5 33. h3 Rb8 34. Nb5 Ra8 35. Kh2 Rc1 36. f6 g5 37. Bd3 Rd1 38. Nc7 Ra7 39. Nxd5 h5 40. Ne7+ Kf8 41. Rd4 Ra8 42. Rf5 1-0

[Event "Erandio op"]
[Site "Erandio"]
[Date "2004.12.19"]
[Round "3"]
[White "Veingold, Aleksandr"]
[Black "Basto Auzmendi, Mario"]
[Result "1-0"]
[WhiteElo "2473"]
[BlackElo "2111"]
[PlyCount "62"]
[EventDate "2004.12.18"]
[EventType "swiss"]
[EventRounds "8"]
[EventCountry "ESP"]
[SourceTitle "EXT 2006"]
[Source "ChessBase"]
[SourceDate "2005.11.24"]
[SourceVersion "1"]
[SourceVersionDate "2005.11.24"]
[SourceQuality "1"]

1. d4 Nf6 2. Nf3 g6 3. c4 Bg7 4. Nc3 0-0 5. e4 d6 6. Be2 e5 7. 0-0 Nc6 8. d5 Ne7 9. b4 a5 10. Ba3 axb4 11. Bxb4 Nd7 12. a4 f5 13. Ng5 Nc5 14. Bxc5 dxc5 15. Bf3 Ra6 16. a5 Bf6 17. Ne6 Bxe6 18. dxe6 c6 19. Qb3 Rxa5 20. Qxb7 Qa8 21. Qb2 Rxa1 22. Rxa1 Qc8 23. Qb6 Qxe6 24. Qxc5 Rd8 25. Qb6 Rd4 26. Nd5 fxe4 27. Bg4 Qf7 28. Nxe7+ Qxe7 29. Qxc6 Kg7 30. Be2 Rd2 31. Qxe4 Kh6 1-0

[Event "ESP-chT2"]
[Site "Vila Real"]
[Date "2001.08.14"]
[Round "2"]
[White "Herrero Sabartes, Joan"]
[Black "Basto Auzmendi, Mario"]
[Result "1-0"]
[WhiteElo "2325"]
[BlackElo "2116"]
[PlyCount "70"]
[EventDate "2001.08.13"]
[EventType "team"]
[EventRounds "7"]
[EventCountry "ESP"]
[SourceTitle "EXT 2002"]
[Source "ChessBase"]
[SourceDate "2001.11.25"]
[SourceVersion "1"]
[SourceVersionDate "2001.11.25"]
[SourceQuality "1"]

1. e4 c5 2. Nf3 Nc6 3. Bb5 g6 4. 0-0 Bg7 5. Bxc6 dxc6 6. d3 Bg4 7. h3 Bxf3 8. Qxf3 Nf6 9. Nc3 0-0 10. Qe2 Ne8 11. f4 Nd6 12. f5 c4 13. g4 Qa5 14. Be3 Nb5 15. Nxb5 Qxb5 16. dxc4 Qxb2 17. Rab1 Qe5 18. Bf4 Qc5+ 19. Kg2 b6 20. Rfd1 Rad8 21. Bc7 Rd4 22. Rxd4 Bxd4 23. Bg3 Be5 24. Bxe5 Qxe5 25. Qd3 Kg7 26. c3 Kf6 27. Qd4 g5 28. Rd1 h5 29. gxh5 Rh8 30. Qxe5+ Kxe5 31. Rd7 Rxh5 32. Rxa7 Kxe4 33. Rxe7+ Kxf5 34. Rxf7+ Ke4 35. Re7+ Kd3 1-0